Využijeme skúsenosti európskych krajín pri vstupe do Európskej únie?

Hľadiská orientácie predvstupovej stratégie v oblasti agrárnej politiky. Vybrané aspekty predvstupovej pripravenosti a stratégie reštrukturalizácie českého poľnohospodárstva. Príprava maďarskej poľnohospodárskej politiky na vstup do EÚ. Rakúske skúsenosti so Spločnou poľnohospodárskou politikou. Por...

Descripción completa

Guardado en:
Detalles Bibliográficos
Autor principal: Bielik, Peter
Otros Autores: Horská, Elena, Gomes, Paulo
Formato: Capítulo de libro
Lenguaje:eslovaco
Materias:
Etiquetas: Agregar Etiqueta
Sin Etiquetas, Sea el primero en etiquetar este registro!

MARC

LEADER 00000naa$a2200000$$$4500
001 0008067
005 20231005083216.5
041 0 |a slo 
044 |a SK 
245 1 0 |a Využijeme skúsenosti európskych krajín pri vstupe do Európskej únie?  |c aut. Peter Bielik, Elena Horská, Paulo Gomes 
520 |a Hľadiská orientácie predvstupovej stratégie v oblasti agrárnej politiky. Vybrané aspekty predvstupovej pripravenosti a stratégie reštrukturalizácie českého poľnohospodárstva. Príprava maďarskej poľnohospodárskej politiky na vstup do EÚ. Rakúske skúsenosti so Spločnou poľnohospodárskou politikou. Portugalské skúsenosti so Spoločnou poľnohospodárskou politikou. Povstupové fondy. Organizačné zabezpečenie. 
610 2 0 |a Európska únia 
610 2 0 |a konkurencieschopnosť 
610 2 0 |a výkonnosť ekonomiky 
610 2 0 |a stratégia hospodárska 
610 2 0 |a politika poľnohospodárska 
610 2 0 |a reformy štruktúrne 
610 2 0 |a Slovensko 
610 2 0 |a Česko 
610 2 0 |a Maďarsko 
610 2 0 |a Rakúsko 
610 2 0 |a Portugalsko 
610 2 0 |a fondy štruktúrne 
100 1 |a Bielik, Peter 
700 1 |a Horská, Elena 
700 1 |a Gomes, Paulo